LIBRARY & INFORMATION CENTRE, KCAET, TAVANUR

ONLINE PUBLIC ACCESS CATALOGUE (OPAC)

Principles of fluid mechanics and fluid machines / (Record no. 13163)

MARC details
000 -LEADER
fixed length control field 00524cam a2200193ua 4500
041 ## - LANGUAGE CODE
Language code of text/sound track or separate title eng
082 ## - DEWEY DECIMAL CLASSIFICATION NUMBER
Classification number 532
Item number PIL/PR
100 ## - MAIN ENTRY--AUTHOR NAME
Personal name Pillai, Narayan N .
245 ## - TITLE STATEMENT
Title Principles of fluid mechanics and fluid machines /
250 ## - EDITION STATEMENT
Edition statement 2 /
260 ## - PUBLICATION, DISTRIBUTION, ETC. (IMPRINT)
Place of publication Hyderabad :
Name of publisher Universities press India Pvt Ltd ,
Year of publication 2006.
300 ## - PHYSICAL DESCRIPTION
Number of Pages 385 ; .
700 1# - ADDED ENTRY--PERSONAL NAME
Personal name Ramakrishnan, C R .
942 ## - ADDED ENTRY ELEMENTS (KOHA)
Koha item type Books
Holdings
Withdrawn status Lost status Damaged status Home library Current library Date acquired Full call number Accession Number Koha item type
      KAUAET KAUAET 07/04/2012 532 PIL/PR 21474 Books
free website counter